000 00441nam a2200169 a 4500
001 0000-8961
003 ELIB.Books
008 110520 1982
035 _a(ELIB.Books)0000-9110
082 _a222
_bRas
100 _aRast, Walter E.
245 _aTradition History and The Old Testament
260 _bPhiladelphia: Fortress Press
_c1982
650 _aOld Testament
942 _2ddc
_cBK
998 _cbat
_e2011-05-20
999 _c8961
_d8961